Dantón
Saved in:
| Hovedforfatter: | |
|---|---|
| Format: | Bog |
| Sprog: | spansk |
| Udgivet: |
Madrid
España
1931
|
| Fag: | |
| Tags: |
Tilføj Tag
Ingen Tags, Vær først til at tagge denne postø!
|
MARC
| LEADER | 00000nam a2200000 a 4500 | ||
|---|---|---|---|
| 001 | UCP7987 | ||
| 003 | CL-VaPUC | ||
| 008 | 000106e19310000SP |||||||||||||||||spa|d | ||
| 082 | 0 | 4 | |a 923.2 |b BEL |2 21 |
| 100 | 0 | |a Belloc, Hilaire |e author |9 348876 | |
| 245 | 1 | 0 | |a Dantón |
| 300 | |a 329 p | ||
| 942 | |c BK | ||
| 945 | |d 20000106 00:00:00 |a rherrera | ||
| 260 | |a Madrid |b España |c 1931 | ||
| 600 | 0 | 7 | |a DANTON, JORGE JACOBO |2 CL-VaPUC |9 352846 |
| 650 | 0 | |a Biografías |9 255210 | |
| 650 | 7 | |a REVOLUCIONARIOS |2 CL-VaPUC |9 328485 | |
| 650 | 0 | |a Revolución francesa |9 324244 | |
| 651 | 0 | |a Francia |9 255157 | |
| 583 | |a last modification |c 20000106 00:00:00 |k Rodrigo Vera | ||
| 999 | |c 285022 |d 285020 | ||
| 952 | |0 0 |1 0 |4 0 |6 923_200000000000000_BEL_1931 |7 0 |8 X |9 329371 |a BIBHIS |b BIBHIS |d 2019-11-20 |i 1377159 |o 923.2 BEL 1931 |p 1377159 |r 2024-01-30 |w 2019-11-20 |y BK_X |k HIS | ||